Normal view
MARC view
Entry Personal Name
001 - CONTROL NUMBER
- control field: 4138
003 - CONTROL NUMBER IDENTIFIER
- control field: OSt
005 - DATE AND TIME OF LATEST TRANSACTION
- control field: 20150801153831.0
008 - FIXED-LENGTH DATA ELEMENTS
- fixed length control field: 150801|| aca||aabn | a|a d
040 ## - CATALOGING SOURCE
- Original cataloging agency: OSt
- Transcribing agency: OSt
100 ## - HEADING--PERSONAL NAME
- Personal name: Joshi, Deepali Pant
670 ## - SOURCE DATA FOUND
- Source citation: Work cat.: (OSt)14158: Joshi, Deepali Pant, Poverty & Sustainable Development, 2008









